| 000 | 01097nam a2200325Ic 4500 | ||
|---|---|---|---|
| 001 | 59099 | ||
| 003 | CO-BoRNBP | ||
| 005 | 20250909162704.0 | ||
| 007 | ta | ||
| 008 | 180815s2016 ck a g 000 0 spa | ||
| 020 | _a9789587322217 | ||
| 040 |
_aCO-BoRNBP _bspa _erda _cCO-BoRNBP |
||
| 041 | _aspa | ||
| 082 | 0 | 4 |
_a370.71 _bC67r |
| 100 |
_aCorchuelo Mora, Miguel Hugo _eaut _964770 |
||
| 245 | 1 | 0 |
_aReflexiones para educar en ciencias / _cMiguel Hugo Corchuelo Mora. |
| 250 | _aPrimera edición | ||
| 264 | 1 |
_aPopayán, Colombia : _bUniversidad del Cauca, _c2016 |
|
| 300 |
_a165 páginas : _bilustraciones y gráficas a blanco y negro |
||
| 336 |
_atexto _btxt _2rdacontent |
||
| 337 |
_asin mediación _bn _2rdamedia |
||
| 338 |
_avolumen _bnc _2rdacarrier |
||
| 650 | 0 | 7 |
_aEducación _xInvestigaciones _2LEMB _964771 |
| 650 | 0 | 7 |
_aEnseñanza de las ciencias _2lemb _964772 |
| 650 | 0 | 7 |
_aFormación profesional de maestros _2lemb |
| 650 | 0 | 7 |
_aInnovaciones educativas _2lemb _964773 |
| 650 | 0 | 7 |
_aTeoria Del Conocimiento _2LEMB |
| 650 | 0 | 7 |
_aCiencia _xEnseñanza _2LEMB _964008 |
| 942 |
_2ddc _cBK |
||
| 999 |
_c59099 _d59099 |
||